Statistics for Every U.S. Metro Area - NO HINTS WHATSOEVER

Click here to take the quiz!

General Stats

  • This quiz has been taken 49 times
    (3 since last reset)
  • The average score is 48 of 383

Answer Stats

City % Correct
New York City
67%
Los Angeles
67%
Miami
67%
Riverside
67%
Salem
33%
Springfield, MO
33%
Asheville
33%
Corpus Christi
33%
Fort Wayne
33%
Shreveport
33%
Fayetteville, NC
33%
Savannah
33%
Port Saint Lucie
33%
Tallahassee
33%
Peoria
33%
Kalamazoo
33%
Lincoln
33%
Green Bay
33%
Reno
33%
Youngstown
33%
Portland, ME
33%
Augusta
33%
Boise
33%
Winston-Salem
33%
Madison
33%
Daytona Beach
33%
Wichita
33%
Springfield, MA
33%
Toledo
33%
Wilmington
33%
Jackson, MS
33%
Durham
33%
Harrisburg
33%
Spokane
33%
Scranton
33%
Fayetteville, AR
33%
Lancaster
33%
Columbus, GA
33%
Waco
33%
Laredo
33%
Napa
33%
Albany, GA
33%
Jefferson City
33%
Wichita Falls
33%
Bangor
33%
Monroe, MI
33%
Santa Fe
33%
Springfield, OH
33%
Jackson, MI
33%
Sherman
33%
Jackson, TN
33%
Albany, OR
33%
Cleveland, TN
33%
Lawrence
33%
Columbus, IN
33%
Alexandria
33%
Sioux City
33%
Erie
33%
Charleston, WV
33%
Little Rock
33%
New London
33%
Fargo
33%
Macon
33%
Rochester, MN
33%
Athens
33%
Springfield, IL
33%
Monroe, LA
33%
Saint Cloud
33%
Jacksonville, NC
33%
Bend
33%
Blacksburg
33%
Columbia, MO
33%
Greenville, NC
33%
Dover
33%
Colorado Springs
33%
Carson City
33%
Stockton
33%
Milwaukee
33%
Kansas City
33%
Columbus, OH
33%
Cleveland, OH
33%
Indianapolis
33%
San Jose
33%
Nashville
33%
Virginia Beach
33%
Providence
33%
Jacksonville, FL
33%
Cincinnati
33%
Oklahoma City
33%
Raleigh
33%
Memphis
33%
Richmond
33%
Louisville
33%
New Orleans
33%
Salt Lake City
33%
Hartford
33%
Birmingham
33%
Austin
33%
Las Vegas
33%
Rochester, NY
33%
Detroit
33%
Chicago
33%
Dallas
33%
Houston
33%
Washington, DC
33%
Philadelphia
33%
Atlanta
33%
Boston
33%
Phoenix
33%
San Francisco
33%
Seattle
33%
Pittsburgh
33%
Minneapolis
33%
San Diego
33%
Tampa
33%
Saint Louis
33%
Baltimore
33%
Orlando
33%
Charlotte
33%
San Antonio
33%
Portland, OR
33%
Buffalo
33%
Sacramento
33%
Grand Rapids
33%
Columbia, SC
33%
Baton Rouge
33%
Greenville, SC
33%
Dayton
33%
Fresno
33%
Albany, NY
33%
Albuquerque
33%
Omaha
33%
Tucson
33%
Tulsa
33%
Worcester
33%
New Haven
33%
Allentown
33%
El Paso
33%
Greensboro
33%
Charleston, SC
33%
Bridgeport
33%
Lawton
0%
New Bern
0%
La Crosse
0%
Wausau
0%
Harrisonburg
0%
Sarasota
0%
Battle Creek
0%
Glens Falls
0%
Saint Joseph
0%
Hammond
0%
Pittsfield
0%
Mount Vernon
0%
Sierra Vista
0%
Bismarck
0%
Jonesboro
0%
Johnstown
0%
Ogden
0%
Akron
0%
The Villages
0%
Winchester
0%
Flagstaff
0%
Wheeling
0%
Vineland
0%
Oxnard
0%
Madera
0%
Vero Beach
0%
Chambersburg
0%
Niles
0%
Elizabethtown
0%
Grand Junction
0%
Denver
0%
Decatur, AL
0%
Hanford
0%
Provo
0%
Syracuse
0%
Texarkana
0%
Morgantown
0%
Des Moines
0%
Hattiesburg
0%
Idaho Falls
0%
Rapid City
0%
Dothan
0%
Homosassa Springs
0%
Florence, AL
0%
Valdosta
0%
Rocky Mount
0%
Dalton
0%
Marion
0%
Lebanon
0%
Logan
0%
Farmington
0%
Altoona
0%
Lakeland
0%
Pine Bluff
0%
Victoria
0%
Hot Springs
0%
Cheyenne
0%
Fairbanks
0%
Ames
0%
Manhattan
0%
Rome
0%
Cumberland
0%
Cape Girardeau
0%
Dubuque
0%
Ocean City
0%
Corvallis
0%
Parkersburg
0%
Grants Pass
0%
Grand Forks
0%
Pocatello
0%
Grand Island
0%
Elmira
0%
Bloomsburg
0%
Midland, MI
0%
Kokomo
0%
Great Falls
0%
Hinesville
0%
Casper
0%
Danville
0%
Walla Walla
0%
Lewiston, ID
0%
Enid
0%
Mankato
0%
Gadsden
0%
Goldsboro
0%
Oxford
0%
Staunton
0%
Odessa
0%
Mansfield
0%
Wenatchee
0%
San Angelo
0%
Owensboro
0%
Missoula
0%
Morristown
0%
Brunswick
0%
Beckley
0%
Weirton
0%
Sheboygan
0%
Muncie
0%
Williamsport
0%
Lima
0%
California
0%
Watertown
0%
Twin Falls
0%
Kankakee
0%
Michigan City
0%
Longview, WA
0%
Lewiston, ME
0%
Sumter
0%
Sebring
0%
Decatur, IL
0%
Bay City
0%
Fond du Lac
0%
Gettysburg
0%
Ithaca
0%
Coeur d'Alene
0%
Pueblo
0%
State College
0%
Crestview
0%
Greeley
0%
Roanoke
0%
Kingsport
0%
Kennewick
0%
Honolulu
0%
Clarksville
0%
Utica
0%
Gainesville, FL
0%
Olympia
0%
San Luis Obispo
0%
Fort Smith
0%
Duluth
0%
Myrtle Beach
0%
Lubbock
0%
Merced
0%
Santa Cruz
0%
Cedar Rapids
0%
Lansing
0%
Bremerton
0%
Hagerstown
0%
Lafayette, LA
0%
Amarillo
0%
Sioux Falls
0%
Atlantic City
0%
Lynchburg
0%
College Station
0%
Yakima
0%
Evansville
0%
Visalia
0%
Tuscaloosa
0%
Killeen
0%
Santa Maria
0%
Brownsville
0%
Reading
0%
Manchester
0%
Mobile
0%
Salisbury
0%
Beaumont
0%
Flint
0%
Anchorage
0%
Canton
0%
Gulfport
0%
Vallejo
0%
York
0%
Davenport
0%
South Bend
0%
Eugene
0%
Naples
0%
Montgomery
0%
Ann Arbor
0%
Trenton
0%
Hickory
0%
Ocala
0%
Huntington
0%
Fort Collins
0%
Spartanburg
0%
Rockford
0%
Huntsville
0%
Boulder
0%
Pensacola
0%
Binghamton
0%
Janesville
0%
Iowa City
0%
Punta Gorda
0%
Fort Myers
0%
El Centro
0%
Redding
0%
Knoxville
0%
Joplin
0%
Kingston
0%
McAllen
0%
Midland, TX
0%
Bowling Green
0%
Yuba City
0%
Muskegon
0%
Saint George
0%
Saginaw
0%
Billings
0%
Abilene
0%
Oshkosh
0%
Terre Haute
0%
Waterloo
0%
East Stroudsburg
0%
Melbourne
0%
Eau Claire
0%
Bloomington, IN
0%
Salinas
0%
Kahului
0%
Burlington, NC
0%
Auburn
0%
Bloomington, IL
0%
Chattanooga
0%
Santa Rosa
0%
Hilton Head
0%
Appleton
0%
Charlottesville
0%
Topeka
0%
Prescott
0%
Chico
0%
Tyler
0%
Lexington
0%
Bellingham
0%
Lafayette, IN
0%
Burlington, VT
0%
Medford
0%
Longview, TX
0%
Daphne
0%
Las Cruces
0%
Warner Robins
0%
Barnstable
0%
Yuma
0%
Lake Charles
0%
Lake Havasu City
0%
Houma
0%
Elkhart
0%
Florence, SC
0%
Johnson City
0%
Gainesville, GA
0%
Panama City
0%
Modesto
0%
Bakersfield
0%
Racine
0%
Champaign
0%

Score Distribution

Percentile by Number Answered

Percent of People with Each Score

Your Score History

You have not taken this quiz since the last reset